Textile designs : (Record no. 352779)

000 -LEADER
fixed length control field 02010 a2200253 4500
003 - CONTROL NUMBER IDENTIFIER
control field OSt
005 - DATE AND TIME OF LATEST TRANSACTION
control field 20180116192346.0
008 - FIXED-LENGTH DATA ELEMENTS--GENERAL INFORMATION
fixed length control field 120530t xxu||||| |||| 00| 0 eng d
020 ## - INTERNATIONAL STANDARD BOOK NUMBER
International Standard Book Number 9780810925083 (paperback)
020 ## - INTERNATIONAL STANDARD BOOK NUMBER
International Standard Book Number 9780810925083 (paperback)
040 ## - CATALOGING SOURCE
Transcribing agency 0
082 04 - DEWEY DECIMAL CLASSIFICATION NUMBER
Classification number 746.620
100 1# - MAIN ENTRY--PERSONAL NAME
Personal name Meller, Susan.
9 (RLIN) 2704
245 10 - TITLE STATEMENT
Title Textile designs :
Remainder of title two hundred years of european and american patterns organized by motif, style, color, layout, and period /
Statement of responsibility, etc. Susan Meller and Joost Elffers.
260 ## - PUBLICATION, DISTRIBUTION, ETC.
Place of publication, distribution, etc. New York :
Name of publisher, distributor, etc. Harry N. Abrams,
Date of publication, distribution, etc. 2002.
300 ## - PHYSICAL DESCRIPTION
Extent 464 p. :
Other physical details ill. ;
Dimensions 30 cm.
520 ## - SUMMARY, ETC.
Summary, etc. "Textile Designs is a dazzling, informative fabric encyclopedia of archival beauty. It is a necessary tool for the fashion industry, schools, and libraries." —Women's Wear Daily "An iconography of textile motifs and a vocabulary of pattern. . . . Highly recommended." —Choice Never before have printed textiles been celebrated in a book of this magnitude. Now in paperback, Textile Designs is the indispensable sourcebook for the colorful patterned materials that have been used in fashion and interiors for the past 200 years. Organized not chronologically or geographically but by motif—Floral, Geometric, Conversational, Ethnic, and Art Movements and Period Styles—this bible of textile design presents a stunning cross-section of the materials of everyday life: printed calicos and cottons, flowered cretonnes and chintzes, polka-dot silks and foulards. With its informative text and pattern names provided not only in English but also in French, German, Italian, Spanish, and Japanese, this is a must-have for everyone interested in color and p
650 10 - SUBJECT ADDED ENTRY--TOPICAL TERM
Topical term or geographic name entry element Textile design
General subdivision Themes, motives
9 (RLIN) 2705
650 10 - SUBJECT ADDED ENTRY--TOPICAL TERM
Topical term or geographic name entry element Textile printing
9 (RLIN) 2706
700 1# - ADDED ENTRY--PERSONAL NAME
Personal name Elffers, Joost
9 (RLIN) 2707
856 ## - ELECTRONIC LOCATION AND ACCESS
Materials specified Amazon.com
Uniform Resource Identifier <a href="http://www.amazon.com/exec/obidos/ASIN/0810925087/chopacon">http://www.amazon.com/exec/obidos/ASIN/0810925087/chopacon</a>
942 ## - ADDED ENTRY ELEMENTS (KOHA)
Institution code [OBSOLETE] SADA
Koha item type Book
Call number prefix 746.620 MEL 2002
Source of classification or shelving scheme
Holdings
Withdrawn status Lost status Source of classification or shelving scheme Damaged status Not for loan Permanent Location Current Location Date acquired Total Checkouts Full call number Barcode Date last seen Date last checked out Cost, replacement price Price effective from Koha item type
          School of Art Design and Architecture (SADA) School of Art Design and Architecture (SADA) 04/12/2011 1 746.62 MEL 2002 SADA0000801 12/12/2012 12/05/2012 3199.00 08/05/2011 Book
© 2023 Central Library, National University of Sciences and Technology. All Rights Reserved.